banner koha

Relatório das atividades desenvolvidas na área de registro de fertilizantes, corretivos, inoculantes, estimulantes ou biofertilizantes; v. 42 (Registro n. 9986)

MARC details
000 -LÍDER
Campo de controle fixo 00920nam a22002897a 4500
001 - NÚMERO DE CONTROLE
Número de controle BR2023001046
003 - CÓDIGO MARC DA AGÊNCIA CATALOGADORA
Campo de controle BR-BrBNA
005 - DATA E HORA DA ÚLTIMA ATUALIZAÇÃO
Campo de controle 20230912164229.0
008 - CAMPO DE TAMANHO FIXO
Campo fixo de controle 230912b bl.||||| |||| 00| 0 por d
040 ## - FONTE DA CATALOGAÇÃO
Agência catalogadora BR-BrBNA
Idioma da catalogação por
041 ## - CÓDIGO DO IDIOMA
Código do Idioma por
072 ## - CATEGORIA AGRIS
Código da categoria de assunto/objeto <a href="D50 ; F04">D50 ; F04</a>
Código do objeto 3801 ; 3840 ; 3850
090 ## - NÚMERO DE CHAMADA
Localização na estante 3801
Código BR BR2023001046
110 ## - ENTRADA PRINCIPAL - ENTIDADE
Nome da entidade ou lugar Ministério da Agricultura, Brasília, DF (Brasil). Secretaria Nacional de Defesa Agropecuária
245 ## - TÍTULO PRINCIPAL
Título principal Relatório das atividades desenvolvidas na área de registro de fertilizantes, corretivos, inoculantes, estimulantes ou biofertilizantes; v. 42
260 ## - IMPRENTA (PUBLICAÇÃO, DISTRIBUIÇÃO, ETC.)
Lugar de publicação, distribuição, etc. Brasília, DF (Brasil)
Data de publicação, distribuição, etc 1987
300 ## - DESCRIÇÃO FÍSICA
Extensão 44 p.
500 ## - NOTA GERAL
Notas gerais 8 tables
650 ## - ASSUNTO - THESAGRO
Cabeçalho tópico ou nome geográfico FERTILIZANTE
650 ## - ASSUNTO - THESAGRO
Cabeçalho tópico ou nome geográfico CORRETIVO
650 ## - ASSUNTO - THESAGRO
Cabeçalho tópico ou nome geográfico INOCULANTE
650 ## - ASSUNTO - THESAGRO
Cabeçalho tópico ou nome geográfico ESTIMULANTE DE CRESCIMENTO VEGETAL
650 ## - ASSUNTO - THESAGRO
Cabeçalho tópico ou nome geográfico BIOFERTILIZANTE
650 ## - ASSUNTO - THESAGRO
Cabeçalho tópico ou nome geográfico REGISTRO
909 ## - IDENTIFICAÇÃO DO CATALOGADOR
Ano e mês da catalogação (aaaamm) 202309
Identificação do catalogador Fernando
942 ## - TIPO ESPECÍFICO
Tipo de material Livros
952 ## - LOCATION AND ITEM INFORMATION (KOHA)
-- 2023-09-12
Exemplares
Status de empréstimo Fonte de classificação Status de danificação Não pode ser emprestado Código da coleção Localização permanente Localização atual Localização na estante Total Checkouts Número de chamada Código de barras Tipo de material
  Classificação AGRIS     Agrobase Biblioteca Nacional de Agricultura - Binagri Biblioteca Nacional de Agricultura - Binagri Agrobase - Acervo Geral   3801 BR2023001046 2023-436348 Livros

BINAGRI

Telefone: (61)3218-2567/2388/3357/2097 - binagri@agro.gov.br

Ministério da Agricultura e Pecuária , Esplanada dos Ministérios, Bloco D, Anexo B, Brasília/DF, CEP: 70.043-900